| 000 | 01410nam a2200253Ia 4500 | ||
|---|---|---|---|
| 003 | Ost | ||
| 005 | 20260507075236.0 | ||
| 008 | 260507s9999||||xx |||||||||||||| ||und|| | ||
| 020 | _a32832299579 | ||
| 040 | _cfsecg | ||
| 041 | _aara | ||
| 082 | _a330 | ||
| 100 |
_aالخاطر، فايز _eمؤلف |
||
| 245 | 0 |
_aاستراتيجية التدريب الفعال / _c فايز الخاطر |
|
| 260 |
_aعمان: _bدار اسامة, _c2010 |
||
| 300 |
_a224 صفحة؛ _bإيضاحات ؛ _c24 سم |
||
| 504 | _aمراجع : لكل فصل مرجع ؛ قائمة المراجع ص.221 | ||
| 520 | _aماهية التدريب ، تصميم التدريب الفعال ، أساليب و طرق التدريب الفعال ، التطوير و التغيير و التدريب ، إستراتيجية التدريب الفعال ، تحديد الاحتياجات التدريبية ، نظريات التعليم و التدريب ، تحويل التدريب ، الاستراتيجية التنظيمية و إستراتيجية تنمية و تطوير العاملين ، تطوير الموظفين ، تصميم التقييم التدريبي ، مستقبل التدريب و التطوير. | ||
| 653 | _aإدارة الافراد | ||
| 653 | _aاستراتيجية التدريب | ||
| 653 | _aالادارة العامة | ||
| 653 | _aتدريب الموظفين | ||
| 942 | _cكتاب | ||
| 999 |
_c43593 _d43593 |
||